| 000 | 00417nam a2200181Ia 4500 | ||
|---|---|---|---|
| 001 | 3039 | ||
| 005 | 20260306144851.0 | ||
| 008 | 260306t2004||||xx |||||||||||||| ||spa|| | ||
| 041 | _aESP | ||
| 082 |
_a245.1 _bV66 |
||
| 100 |
_aVillapalos, Gustavo _eAUT |
||
| 245 | 0 | _aEl libro de los valores | |
| 260 | _c2004 | ||
| 300 |
_a453 páginas : _c23 cm. |
||
| 650 | _aGEN | ||
| 654 | _aCHU | ||
| 942 |
_cLIB _dJUS _fJUS _2ddc _n |
||
| 999 |
_c3039 _d3039 |
||